MARC

LEADER 00000nam0a2200000 4500
001 19310
005 20231030191641.0
010 |a 5857450101 
035 |a (RuTPU)RU\TPU\book\19472 
035 |a BOOK00000127 
090 |a 19310 
100 |a 20011209d1991 k y0rusy50 ca 
101 0 |a rus 
102 |a lv 
105 |a y z 000zy 
200 1 |a Психическая энергия  |f А. И. Клизовский 
205 |a 3-е изд. 
210 |a Рига  |c Виеда  |d 1991 
215 |a 60 с. 
610 1 |a теософия 
610 1 |a психология 
610 1 |a психическая энергия 
610 1 |a космизм 
686 |a Э441  |v LBC/SL-A  |2 rubbk 
700 1 |a Клизовский  |b А. И.  |g Александр Иванович 
801 0 |a RU  |b 63413507  |c 20011209  |g PSBO 
801 2 |a RU  |b 63413507  |c 20170124  |g PSBO 
942 |c BK